[Event "46th World Open"]
[Site "Philadelphia"]
[Date "2018.07.07"]
[Round "6"]
[White "Oberoi, Shelev"]
[Black "Cooke, Eric"]
[Result "1/2-1/2"]
[WhiteElo "1936"]
[BlackElo "2098"]
[PlyCount "183"]
[EventDate "2018.07.??"]
[EventType "swiss"]
[EventRounds "9"]
[EventCountry "USA"]

1. e4 e6 2. d4 d5 3. Nc3 Bb4 4. e5 c5 5. a3 Bxc3+ 6. bxc3 Ne7 7. Nf3 Nbc6 8. a4
Qa5 9. Bd2 Bd7 10. Bd3 O-O-O 11. O-O f6 12. Qc1 Ng6 13. c4 Qc7 14. cxd5 exd5
15. Bxg6 hxg6 16. Bf4 Nxd4 17. Nxd4 fxe5 18. Bg3 cxd4 19. f4 Be6 20. fxe5 Rhf8
21. Qg5 Bf5 22. e6 Rd6 23. Bxd6 Qxd6 24. Rae1 Re8 25. Qd2 Qc5 26. Qf2 Be4 27.
Qf7 Qe7 28. Qxe7 Rxe7 29. Rf7 Kd8 30. Rd1 Ke8 31. Rxd4 Rxf7 32. exf7+ Kxf7 33.
Rb4 b6 34. c3 Ke6 35. a5 bxa5 36. Ra4 Bd3 37. Rxa5 a6 38. Kf2 Kd6 39. Ke3 Bc4
40. Kd4 Kc6 41. Rc5+ Kb6 42. Rc8 a5 43. Rb8+ Kc6 44. Rg8 a4 45. Rxg7 a3 46. Ra7
a2 47. Ra3 Kd6 48. g4 g5 49. h3 Ke6 50. Ra5 Kf6 51. Ke3 Ke5 52. Ra3 Bb3 53. Ra5
Bc4 54. Ra8 Bb3 55. Ra7 Bc4 56. Ra5 Bb3 57. Ra8 Bc4 58. Re8+ Kf6 59. Ra8 Ke5
60. Ra7 Bb3 61. Ra6 Bc4 62. Ra3 Bb3 63. Ra7 Bc4 64. Ra3 Bb3 65. Ra5 Bc4 66. Kf3
Bb3 67. Ra3 Bc4 68. Ra5 Bb3 69. Ke3 Bc4 70. Ra7 Bb3 71. Ra8 Bc4 72. Ra7 Bb3 73.
Ra5 Bc4 74. Ra8 Bb3 75. Kd2 Kf4 76. Kc1 Kg3 77. Kb2 Bc4 78. Rh8 Kf4 79. Rf8+
Kg3 80. Rf5 Kh4 81. Re5 Bb3 82. Re3 Bc4 83. Rf3 Bb3 84. Re3 Bc4 85. Rf3 Bb3 86.
Rf1 Bc4 87. Rh1 Kg3 88. h4 gxh4 89. g5 h3 90. g6 d4 91. cxd4 Kg2 92. Rxh3
1/2-1/2

[Event "46th World Open"]
[Site "Philadelphia"]
[Date "2018.07.07"]
[Round "6"]
[White "Mahajan, Rushaan"]
[Black "Obili, Abhishek"]
[Result "1/2-1/2"]
[WhiteElo "1905"]
[BlackElo "2090"]
[PlyCount "133"]
[EventDate "2018.07.??"]
[EventType "swiss"]
[EventRounds "9"]
[EventCountry "USA"]

1. d4 Nf6 2. Bf4 g6 3. e3 Bg7 4. Nf3 O-O 5. Be2 d6 6. h3 Nbd7 7. O-O Qe8 8. c4
e5 9. Bh2 e4 10. Nfd2 Qe7 11. Nc3 Re8 12. Qc2 h5 13. Rac1 h4 14. a4 Nf8 15. Nd5
Nxd5 16. cxd5 Qg5 17. Bf4 Qxd5 18. Qxc7 Be6 19. Nc4 g5 20. Bh2 Red8 21. Nxd6
Rd7 22. Qc5 Rad8 23. Qxd5 Bxd5 24. Nc8 Bc6 25. Nxa7 Bxa4 26. Bb5 Bxb5 27. Nxb5
Ne6 28. Rc2 f5 29. Bc7 Nxc7 30. Nxc7 f4 31. Rfc1 Bh6 32. Ne6 Re8 33. Rc8 Rxc8
34. Rxc8+ Kf7 35. Nc5 Rd5 36. Rc7+ Kg6 37. Rd7 Rxd7 38. Nxd7 Kf5 39. Nc5 b6 40.
Na4 b5 41. Nc3 b4 42. Nd5 b3 43. Ne7+ Ke6 44. Nc6 Bf8 45. Na5 Ba3 46. Nxb3 Bxb2
47. Nc5+ Kd5 48. Nd7 Ke6 49. Ne5 Bc1 50. Ng4 Ba3 51. Kf1 Be7 52. Ke2 Bf8 53.
Kd2 Bg7 54. Kc3 Kd5 55. Kb4 Bf8+ 56. Kb5 Bg7 57. Kb6 Bxd4+ 58. Kc7 Bc3 59. f3
exf3 60. gxf3 fxe3 61. Nxe3+ Ke5 62. Ng2 Bd2 63. Kd7 Kd4 64. Ke6 Kd3 65. Kf5
Ke2 66. Kg4 Kf2 67. Nxh4 1/2-1/2

[Event "46th World Open"]
[Site "Philadelphia"]
[Date "2018.07.07"]
[Round "6"]
[White "Idnani, Roshan"]
[Black "Polgar-Shutzman, Tom"]
[Result "1/2-1/2"]
[WhiteElo "1829"]
[BlackElo "2076"]
[PlyCount "110"]
[EventDate "2018.07.??"]
[EventType "swiss"]
[EventRounds "9"]
[EventCountry "USA"]

1. e4 c5 2. Nf3 Nc6 3. Bb5 Nf6 4. Nc3 Qc7 5. O-O Nd4 6. Ba4 a6 7. Nxd4 cxd4 8.
Nd5 Nxd5 9. exd5 b5 10. Bb3 d6 11. d3 h6 12. Re1 g6 13. Qe2 a5 14. a4 b4 15.
Bc4 Ba6 16. b3 Bg7 17. Bb2 Bf6 18. Qe4 Qc5 19. Qf4 Kf8 20. Re2 Bb7 21. Qf3 Kg7
22. Rae1 Rae8 23. g3 e5 24. Qg2 Re7 25. Bc1 h5 26. Qf3 Bc8 27. Qg2 Kh7 28. h3
Bg7 29. Bg5 f6 30. Bc1 Bh6 31. Bxh6 Kxh6 32. Kh2 Kg7 33. Rg1 Bd7 34. Rge1 Qc8
35. Rg1 Rhe8 36. Rge1 Bf5 37. Bb5 Bd7 38. Bc4 Rh8 39. Rg1 Rg8 40. Rge1 Qa8 41.
Rg1 Rh8 42. Rge1 Bc8 43. Rf1 Bb7 44. f4 Rf8 45. Qf3 Qe8 46. Rfe1 Qf7 47. Kg1
Rc7 48. g4 h4 49. Qf2 g5 50. fxg5 fxg5 51. Rf1 Rc5 52. Qxf7+ Rxf7 53. Rxf7+
Kxf7 54. Rf2+ Kg6 55. Kg2 Rc8 1/2-1/2

[Event "46th World Open"]
[Site "Philadelphia"]
[Date "2018.07.07"]
[Round "7.1"]
[White "Le, Liem"]
[Black "Swiercz, Dariusz"]
[Result "1/2-1/2"]
[WhiteElo "2728"]
[BlackElo "2663"]
[PlyCount "38"]
[EventDate "2018.07.??"]
[EventType "swiss"]
[EventRounds "9"]
[EventCountry "USA"]

1. d4 Nf6 2. Nf3 g6 3. Nbd2 Bg7 4. e4 d6 5. Bd3 O-O 6. O-O Nc6 7. a4 Nh5 8. d5
Nb4 9. Bc4 c6 10. c3 Na6 11. Re1 Qc7 12. Nd4 Nc5 13. N2b3 Nxb3 14. Bxb3 Bd7 15.
h3 Nf6 16. Bf4 Qa5 17. Bh2 Rad8 18. Nf3 Rfe8 19. Nd2 e5 1/2-1/2

[Event "46th World Open"]
[Site "Philadelphia"]
[Date "2018.07.07"]
[Round "7.2"]
[White "Nyzhnyk, Illia"]
[Black "Sevian, Samuel"]
[Result "1-0"]
[WhiteElo "2605"]
[BlackElo "2624"]
[PlyCount "153"]
[EventDate "2018.07.??"]
[EventType "swiss"]
[EventRounds "9"]
[EventCountry "USA"]

1. d4 Nf6 2. Bf4 g6 3. Nc3 d5 4. e3 Bg7 5. h4 c6 6. Be2 h5 7. Nf3 Qb6 8. a3 Bg4
9. Qd2 Nbd7 10. O-O-O Ne4 11. Nxe4 dxe4 12. Ng5 Bf5 13. f3 exf3 14. Bc4 f6 15.
Ne6 Bxe6 16. Bxe6 Nf8 17. Bb3 Bh6 18. gxf3 Bxf4 19. exf4 O-O-O 20. Rhe1 Qc7 21.
Re4 Rh7 22. Qe3 Kb8 23. c3 Rg7 24. d5 c5 25. Ba4 Rc8 26. Re1 Qd6 27. c4 Rc7 28.
Be8 a6 29. Kb1 Ka8 30. Ka2 Kb8 31. Rg1 Rc8 32. Ba4 Rf7 33. Rb1 Ka8 34. b4 Rg7
35. b5 axb5 36. Bxb5 e6 37. Rd1 Rgc7 38. Qe2 Rd8 39. Qb2 Qe7 40. Ree1 Rd6 41.
Rd3 Qd8 42. Ba4 Re7 43. Rde3 Rc7 44. Rb3 Ra6 45. Bb5 Rd6 46. Rb1 Rb6 47. Qc3
Kb8 48. Qa5 Qd6 49. Bc6 Rxb3 50. Rxb3 exd5 51. Bxd5 Re7 52. Qb6 Re2+ 53. Kb1
Qxb6 54. Rxb6 Nd7 55. Rxb7+ Kc8 56. a4 Re1+ 57. Kc2 Re2+ 58. Kd3 Ra2 59. Ra7
Ra3+ 60. Kc2 Nb6 61. a5 Nxd5 62. cxd5 Kb8 63. Ra6 f5 64. d6 Kb7 65. d7 Kc7 66.
Rd6 Kd8 67. a6 c4 68. Kb2 Rb3+ 69. Kc1 Rc3+ 70. Kd2 Ra3 71. Kc2 Rxf3 72. a7 Ra3
73. Rxg6 Kxd7 74. Rg8 Kd6 75. a8=Q Rxa8 76. Rxa8 Kd5 77. Re8 1-0

[Event "46th World Open"]
[Site "Philadelphia"]
[Date "2018.07.07"]
[Round "7.4"]
[White "Vorontsov, Pavlo"]
[Black "Xiong, Jeffery"]
[Result "1/2-1/2"]
[WhiteElo "2564"]
[BlackElo "2655"]
[PlyCount "118"]
[EventDate "2018.07.??"]
[EventType "swiss"]
[EventRounds "9"]
[EventCountry "USA"]

1. d4 Nf6 2. c4 g6 3. g3 c6 4. Bg2 d5 5. cxd5 cxd5 6. Nf3 Bg7 7. O-O O-O 8. Ne5
b6 9. Nc3 Bb7 10. Bf4 e6 11. Rc1 Nh5 12. Be3 Nc6 13. f4 Nf6 14. Bf2 Rc8 15. Qd3
Ne8 16. Nxc6 Bxc6 17. Rc2 Nd6 18. Rfc1 Qd7 19. b3 Rc7 20. a4 Rfc8 21. e3 Bf8
22. Be1 Bb7 23. Na2 Ne4 24. Bb4 Rxc2 25. Rxc2 Rxc2 26. Qxc2 Bxb4 27. Nxb4 Qd6
28. Nd3 Ba6 29. Bf1 Qa3 30. Nc1 Bxf1 31. Kxf1 h5 32. Ke2 Qa1 33. Qc8+ Kg7 34.
Qc2 Kf6 35. Kf3 Qa3 36. Ke2 Kf5 37. Kf3 Qb4 38. Qc7 f6 39. h3 Nxg3 40. Kxg3
Qe1+ 41. Kg2 Qxe3 42. Qc2+ Qe4+ 43. Qxe4+ Kxe4 44. Ne2 Ke3 45. Kf1 a5 46. h4
Kd3 47. f5 exf5 48. Nf4+ Kxd4 49. Nxg6 Ke4 50. Ne7 d4 51. Nc8 Kd3 52. Nxb6 Kc2
53. b4 axb4 54. Ke1 d3 55. Nc4 Kb3 56. Nb6 Kc2 57. Nc4 Kb3 58. Nb6 Kc2 59. Nc4
Kb3 1/2-1/2

[Event "46th World Open"]
[Site "Philadelphia"]
[Date "2018.07.07"]
[Round "7"]
[White "Akobian, Varuzhan"]
[Black "Brown, Michael William"]
[Result "0-1"]
[WhiteElo "2654"]
[BlackElo "2512"]
[PlyCount "76"]
[EventDate "2018.07.??"]
[EventType "swiss"]
[EventRounds "9"]
[EventCountry "USA"]

1. d4 Nf6 2. c4 e6 3. Nc3 Bb4 4. Qc2 O-O 5. a3 Bxc3+ 6. Qxc3 Qe8 7. f3 d6 8.
Bg5 Nfd7 9. e4 e5 10. Ne2 f5 11. O-O-O fxe4 12. fxe4 exd4 13. Nxd4 Nc5 14. Nf5
Bxf5 15. exf5 Rxf5 16. Be3 Nc6 17. Rd5 Qf7 18. Be2 Re8 19. Bf3 Ne5 20. Bxc5
Nxf3 21. Bxd6 Rxd5 22. cxd5 cxd6 23. gxf3 Qf5 24. Rg1 g6 25. Rg4 b5 26. Kd2 Rc8
27. Qd3 Qe5 28. Qxb5 Qxh2+ 29. Ke3 Qh1 30. Qd7 Qc1+ 31. Kd3 Qc2+ 32. Ke3 Qb3+
33. Kf2 Qxb2+ 34. Kg3 Qe5+ 35. Kh3 Rf8 36. f4 Qxd5 37. Qxa7 Qf3+ 38. Kh4 Rf5
0-1

[Event "46th World Open"]
[Site "Philadelphia"]
[Date "2018.07.07"]
[Round "7"]
[White "Bruzon Batista, Lazaro"]
[Black "Puranik, Abhimanyu"]
[Result "1-0"]
[WhiteElo "2646"]
[BlackElo "2507"]
[PlyCount "109"]
[EventDate "2018.07.??"]
[EventType "swiss"]
[EventRounds "9"]
[EventCountry "USA"]

1. d4 Nf6 2. Nf3 g6 3. g3 Bg7 4. Bg2 d5 5. O-O O-O 6. c3 Bf5 7. Nbd2 Qc8 8. Re1
c5 9. dxc5 Qxc5 10. Nd4 Bg4 11. h3 Bd7 12. e4 dxe4 13. Nxe4 Qc8 14. Nxf6+ Bxf6
15. g4 Rd8 16. Qe2 Nc6 17. Nxc6 Bxc6 18. Bh6 Bxg2 19. Kxg2 Qc6+ 20. Qf3 Qxf3+
21. Kxf3 Rd7 22. Rad1 Rad8 23. Rxd7 Rxd7 24. Re4 Bg7 25. Be3 a6 26. a4 f5 27.
Rb4 e5 28. Ke2 e4 29. gxf5 gxf5 30. f3 Bf8 31. Rb3 f4 32. Bxf4 Rf7 33. Be3
exf3+ 34. Kf1 Bd6 35. Rb6 Bg3 36. Bf2 Bf4 37. Bd4 Bg3 38. Re6 Rf5 39. Re7 Rf7
40. Re6 Rf5 41. b4 Kf8 42. Bf2 Be5 43. Bc5+ Kf7 44. Re7+ Kg6 45. Rxb7 Rh5 46.
a5 Rxh3 47. Kf2 Kf5 48. b5 Ke4 49. bxa6 Rh2+ 50. Kf1 Ra2 51. Rb4+ Kd5 52. Bb6
Bg3 53. Rb1 Re2 54. a7 Re8 55. Bd8 1-0

[Event "46th World Open"]
[Site "Philadelphia"]
[Date "2018.07.07"]
[Round "7"]
[White "Stripunsky, Alexander"]
[Black "Shimanov, Aleksandr"]
[Result "0-1"]
[WhiteElo "2530"]
[BlackElo "2626"]
[PlyCount "74"]
[EventDate "2018.07.??"]
[EventType "swiss"]
[EventRounds "9"]
[EventCountry "USA"]

1. c4 Nf6 2. Nc3 e5 3. e3 Nc6 4. Qb3 d6 5. d3 g6 6. Nf3 Bg7 7. Be2 O-O 8. a3 a5
9. Bd2 Nd7 10. Qc2 Nc5 11. Ne4 f5 12. Nxc5 dxc5 13. Bc3 Qe7 14. h4 Bd7 15. h5
g5 16. h6 Bf6 17. e4 g4 18. Nd2 Bg5 19. exf5 Bxf5 20. Ne4 Bxe4 21. dxe4 g3 22.
fxg3 Rad8 23. Rd1 Be3 24. Bf3 Qg5 25. Ke2 Nd4+ 26. Bxd4 Bxd4 27. Rd3 Qxg3 28.
Kf1 Rd6 29. Rh3 Qf4 30. Ke2 Rb6 31. Rb3 Rxb3 32. Qxb3 Qc1 33. Qd3 Kh8 34. a4
Qxb2+ 35. Qd2 Qb3 36. Qg5 Qc2+ 37. Ke1 Bc3+ 0-1

[Event "46th World Open"]
[Site "Philadelphia"]
[Date "2018.07.07"]
[Round "7"]
[White "Lou, Yiping"]
[Black "Petrosian, Tigran L"]
[Result "1/2-1/2"]
[WhiteElo "2487"]
[BlackElo "2607"]
[PlyCount "60"]
[EventDate "2018.07.??"]
[EventType "swiss"]
[EventRounds "9"]
[EventCountry "USA"]

1. d4 d6 2. e4 Nf6 3. f3 e5 4. d5 Nh5 5. Be3 f5 6. exf5 Qh4+ 7. Kd2 Nf6 8. c4
c6 9. Nh3 cxd5 10. g4 Be7 11. Bf2 Qh6+ 12. g5 Qh5 13. gxf6 Bxf6 14. cxd5 Bxf5
15. Ng1 O-O 16. Nc3 e4 17. Nxe4 Bxb2 18. Ng3 Qg5+ 19. Be3 Bc3+ 20. Ke2 Re8 21.
Nxf5 Qxf5 22. Rc1 Rxe3+ 23. Kxe3 Qe5+ 24. Kd3 Na6 25. Rxc3 Qxd5+ 26. Kc2 Nb4+
27. Kc1 Nxa2+ 28. Kc2 Nb4+ 29. Kc1 Na2+ 30. Kc2 Nb4+ 1/2-1/2

[Event "46th World Open"]
[Site "Philadelphia"]
[Date "2018.07.07"]
[Round "7"]
[White "Li, Ruifeng"]
[Black "Raja Harshit"]
[Result "1-0"]
[WhiteElo "2583"]
[BlackElo "2442"]
[PlyCount "61"]
[EventDate "2018.07.??"]
[EventType "swiss"]
[EventRounds "9"]
[EventCountry "USA"]

1. e4 c5 2. Nc3 d6 3. g3 Nc6 4. Bg2 g6 5. d3 Bg7 6. Nge2 Nf6 7. O-O O-O 8. h3
Rb8 9. f4 Nd7 10. g4 Nd4 11. Nxd4 cxd4 12. Ne2 b5 13. Ng3 Bb7 14. f5 Rc8 15.
Bf4 e5 16. Bd2 Bf6 17. a4 Bh4 18. Kh2 a6 19. axb5 axb5 20. Bh6 Re8 21. Qf3 f6
22. fxg6 hxg6 23. Nf5 Bg5 24. Bxg5 fxg5 25. Nxd6 Rf8 26. Qd1 Rb8 27. Qb1 Kg7
28. Qa2 Qe7 29. Qa3 Qe6 30. Rxf8 Nxf8 31. Qc5 1-0

[Event "46th World Open"]
[Site "Philadelphia"]
[Date "2018.07.07"]
[Round "7"]
[White "Flom, Gabriel"]
[Black "Brodsky, David"]
[Result "0-1"]
[WhiteElo "2515"]
[BlackElo "2411"]
[PlyCount "57"]
[EventDate "2018.07.??"]
[EventType "swiss"]
[EventRounds "9"]
[EventCountry "USA"]

1. d4 Nf6 2. Bg5 Ne4 3. h4 d5 4. e3 h6 5. Bf4 e6 6. Bd3 Bd6 7. Bxe4 Bxf4 8. Qg4
Qf6 9. Bxd5 O-O 10. Qxf4 Qxf4 11. exf4 exd5 12. Nc3 c6 13. O-O-O Re8 14. h5 Na6
15. f3 Nc7 16. g4 b6 17. f5 Ba6 18. Kd2 c5 19. Nge2 Re7 20. Rhe1 Rae8 21. dxc5
bxc5 22. Ng1 Bb7 23. Rxe7 Rxe7 24. Re1 Kf8 25. Nce2 d4 26. Nf4 Rxe1 27. Kxe1
Ke7 28. Kf2 a5 29. Nge2 0-1

[Event "46th World Open"]
[Site "Philadelphia"]
[Date "2018.07.07"]
[Round "7"]
[White "Jacobson, Brandon"]
[Black "Nestorovic, Nikola"]
[Result "1-0"]
[WhiteElo "2397"]
[BlackElo "2450"]
[PlyCount "119"]
[EventDate "2018.07.??"]
[EventType "swiss"]
[EventRounds "9"]
[EventCountry "USA"]

1. d4 Nf6 2. c4 e6 3. Nf3 b6 4. g3 Bb7 5. Bg2 g6 6. O-O Bg7 7. Nc3 Ne4 8. Nxe4
Bxe4 9. Bg5 f6 10. Be3 Nc6 11. Qd2 O-O 12. Rfd1 Ne7 13. Bh6 c6 14. Bxg7 Kxg7
15. Bh3 g5 16. Qc3 h6 17. Nd2 Bf5 18. Bg2 Qc7 19. e4 Bg6 20. b4 a5 21. a3 Ra7
22. c5 b5 23. Nb3 axb4 24. axb4 Rxa1 25. Rxa1 Kg8 26. Ra6 f5 27. d5 fxe4 28.
dxe6 dxe6 29. Qa1 e5 30. Ra7 Qd8 31. Na5 Rf7 32. Qxe5 Bf5 33. Qd6 Qxd6 34. cxd6
Nc8 35. Ra8 Kg7 36. Bxe4 Nxd6 37. Bxc6 Be4 38. Ra6 Bxc6 39. Rxc6 Ne4 40. Rc2
Rf3 41. Kg2 Rd3 42. Nc6 Kf6 43. Re2 Nd6 44. Ra2 Ke6 45. Rc2 Nc4 46. Na7 Nd6 47.
Rc6 Kd7 48. Rc5 Rb3 49. Nxb5 Rxb4 50. Nc3 Ne4 51. Rb5 Rxb5 52. Nxb5 g4 53. Kf1
Ke6 54. Ke2 Ke5 55. Ke3 Ng5 56. Nd4 h5 57. f4+ gxf3 58. Nxf3+ Nxf3 59. Kxf3 Kf5
60. h3 1-0

[Event "46th World Open"]
[Site "Philadelphia"]
[Date "2018.07.07"]
[Round "7"]
[White "Niemann, Hans"]
[Black "Lux, Hugo de Melo"]
[Result "1-0"]
[WhiteElo "2313"]
[BlackElo "2154"]
[PlyCount "59"]
[EventDate "2018.07.??"]
[EventType "swiss"]
[EventRounds "9"]
[EventCountry "USA"]

1. e4 c5 2. Nf3 e6 3. d4 cxd4 4. Nxd4 a6 5. Nc3 Qc7 6. g3 Bb4 7. Nb3 Nf6 8. Bg2
Bxc3+ 9. bxc3 Qxc3+ 10. Bd2 Qc4 11. e5 Ne4 12. Qg4 Nxd2 13. Qxg7 Nf3+ 14. Bxf3
Qc3+ 15. Nd2 Rf8 16. Rd1 d6 17. O-O Nd7 18. Bg2 Nxe5 19. Kh1 f5 20. Bf3 Rf7 21.
Bh5 Qc6+ 22. Ne4 Ng6 23. Qg8+ Ke7 24. Rxd6 Qe8 25. Qxe8+ Kxe8 26. Ng5 Rd7 27.
Rxe6+ Kf8 28. Rfe1 Re7 29. Rxe7 Nxe7 30. Nxh7+ 1-0

[Event "46th World Open"]
[Site "Philadelphia"]
[Date "2018.07.07"]
[Round "7"]
[White "Tanenbaum, Zachary"]
[Black "Acor, Corey"]
[Result "1-0"]
[WhiteElo "2107"]
[BlackElo "2269"]
[PlyCount "97"]
[EventDate "2018.07.??"]
[EventType "swiss"]
[EventRounds "9"]
[EventCountry "USA"]

1. e4 e5 2. Nf3 Nc6 3. Bc4 Bc5 4. c3 Nf6 5. d3 O-O 6. Nbd2 d5 7. exd5 Nxd5 8.
Ne4 Be7 9. O-O Bg4 10. h3 Bh5 11. Re1 Nb6 12. Bb3 Bg6 13. Qe2 Kh8 14. Bd2 Qd7
15. Rad1 h6 16. Bc1 Rfe8 17. Ng3 Bf8 18. Nh4 Bh7 19. Qf3 f6 20. Qh5 g5 21. Ng6+
Kg7 22. Nxf8 Rxf8 23. Qf3 f5 24. h4 g4 25. Qe2 Rae8 26. Qd2 f4 27. Ne4 Nd8 28.
d4 exd4 29. Nc5 Qd6 30. cxd4 Rxe1+ 31. Rxe1 Bg8 32. Bxg8 Kxg8 33. Re4 Nd5 34.
Qe2 h5 35. Re5 Nf6 36. Bxf4 Qxd4 37. Rg5+ Kf7 38. Be3 Re8 39. Bxd4 Rxe2 40. Rf5
b6 41. Rxf6+ Ke7 42. Nb3 c5 43. Bc3 Ne6 44. Rf5 a5 45. Nd2 Re1+ 46. Kh2 Re2 47.
Nc4 b5 48. Nxa5 Kd6 49. a3 1-0

[Event "46th World Open"]
[Site "Philadelphia"]
[Date "2018.07.07"]
[Round "7"]
[White "Mishra, Abhimanyu"]
[Black "Andrews, Todd"]
[Result "1/2-1/2"]
[WhiteElo "2033"]
[BlackElo "2243"]
[PlyCount "146"]
[EventDate "2018.07.??"]
[EventType "swiss"]
[EventRounds "9"]
[EventCountry "USA"]

1. e4 c5 2. Nf3 d6 3. d4 cxd4 4. Nxd4 Nf6 5. Nc3 a6 6. h3 e5 7. Nde2 h5 8. Bg5
Be7 9. Bxf6 Bxf6 10. Nd5 Bg5 11. Nec3 Be6 12. Bc4 Nc6 13. a4 Rc8 14. O-O g6 15.
Ba2 O-O 16. Qd3 Bh6 17. Rad1 Nd4 18. Bb3 Rc5 19. Ne2 Nxe2+ 20. Qxe2 Qg5 21. Qd3
Rfc8 22. c3 Kh7 23. Kh2 Qh4 24. Qf3 Bf4+ 25. Nxf4 Bxb3 26. Nd3 R5c7 27. Ra1 Be6
28. Nb4 Kg7 29. Kg1 Rc4 30. Rfe1 a5 31. Nc2 Bd7 32. Na3 R4c5 33. Rad1 Qe7 34.
Qd3 Qg5 35. Nb5 Bxb5 36. axb5 Qf6 37. Rc1 Qe6 38. Red1 Qb3 39. Rd2 Qxb5 40.
Qxd6 Qc4 41. Re1 Re8 42. Rd5 Rxd5 43. exd5 e4 44. Qd7 Re5 45. d6 Qd3 46. Qxb7
Qxd6 47. Rxe4 Rd5 48. g3 Rd1+ 49. Kh2 g5 50. Qb5 Qf6 51. Qe2 Rb1 52. Rd4 Qc6
53. Rd1 Rxd1 54. Qxd1 Kg6 55. Qc2+ f5 56. g4 hxg4 57. hxg4 Qd6+ 58. Kh3 Kh6 59.
Qxf5 Qd2 60. Kg3 a4 61. Qb5 Qf4+ 62. Kg2 Qxg4+ 63. Kf1 Qd1+ 64. Kg2 Qg4+ 65.
Kf1 Qe4 66. Qb4 Qc2 67. c4 Qb1+ 68. Ke2 Qe4+ 69. Kf1 Qh1+ 70. Ke2 Qe4+ 71. Kf1
Qh1+ 72. Ke2 Qe4+ 73. Kf1 Qh1+ 1/2-1/2

[Event "46th World Open"]
[Site "Philadelphia"]
[Date "2018.07.07"]
[Round "7"]
[White "Cooke, Eric"]
[Black "Mahajan, Rushaan"]
[Result "1-0"]
[WhiteElo "2098"]
[BlackElo "1905"]
[PlyCount "39"]
[EventDate "2018.07.??"]
[EventType "swiss"]
[EventRounds "9"]
[EventCountry "USA"]

1. e4 e5 2. f4 d5 3. exd5 exf4 4. Nf3 Qxd5 5. d4 Bd6 6. c4 Qe4+ 7. Be2 c6 8.
O-O Ne7 9. Bd3 Qe6 10. Nc3 Qh6 11. Re1 Bg4 12. c5 Bc7 13. d5 Nd7 14. d6 Bxd6
15. cxd6 Qxd6 16. Ne4 Qc7 17. Nf2 Be6 18. Nd4 Qd6 19. Nxe6 fxe6 20. Bg6+ 1-0

[Event "46th World Open"]
[Site "Philadelphia"]
[Date "2018.07.08"]
[Round "8.1"]
[White "Le, Liem"]
[Black "Nyzhnyk, Illia"]
[Result "0-1"]
[WhiteElo "2728"]
[BlackElo "2605"]
[PlyCount "168"]
[EventDate "2018.07.??"]
[EventType "swiss"]
[EventRounds "9"]
[EventCountry "USA"]

1. c4 c6 2. d4 d5 3. Nf3 Nf6 4. Nc3 dxc4 5. a4 Bf5 6. Nh4 Bc8 7. e3 e5 8. Bxc4
exd4 9. exd4 Be7 10. O-O O-O 11. Re1 Na6 12. Qb3 Nd5 13. Nf3 Nab4 14. Bd2 a5
15. Nxd5 cxd5 16. Bb5 Bf5 17. Rac1 Bd6 18. Rc3 Qb6 19. Be3 Be4 20. Nd2 Bg6 21.
Nf1 Na6 22. Rec1 Nb4 23. f3 Be7 24. Ng3 Bd6 25. Ne2 f6 26. Nf4 Bxf4 27. Bxf4
Qxd4+ 28. Be3 Qe5 29. Bf2 Bf7 30. Rc7 Rab8 31. Bg3 Qd4+ 32. Kh1 Qb6 33. h3 Rbd8
34. Re7 Rc8 35. Bc7 Qd4 36. Ree1 Nc6 37. Bxc6 bxc6 38. Rxc6 Rfe8 39. Rec1 h5
40. Qb5 Qf2 41. R6c2 Re1+ 42. Rxe1 Qxe1+ 43. Kh2 h4 44. Re2 Qc1 45. Bxa5 Qf4+
46. Kh1 Rc1+ 47. Re1 Rc2 48. Bc3 d4 49. Qd3 Rc1 50. Bd2 Rxe1+ 51. Bxe1 Qc1 52.
Qe2 d3 53. Qf2 Be8 54. a5 Bb5 55. Kh2 Qf4+ 56. Kg1 Qc1 57. f4 Kf7 58. b4 Bc6
59. a6 Qc4 60. a7 Qe4 61. Kh2 Kg6 62. b5 Bxb5 63. Qxh4 Bc6 64. Qg3+ Kh7 65. Qf2
Kg6 66. Bd2 Kf7 67. Kg3 Qg6+ 68. Kh2 Qe4 69. f5 Qe5+ 70. Qg3 Qe4 71. Qg4 Qe5+
72. Bf4 Qd5 73. Bd2 Qe5+ 74. Qf4 Qd5 75. Qg3 Qe4 76. Qf2 Qe5+ 77. Kg1 Qe4 78.
Kh2 Qe5+ 79. Qf4 Qd5 80. Qg3 Qe4 81. Bc3 Bd5 82. Qg4 Qe7 83. Qd4 Qb7 84. g4
Qc7+ 0-1

[Event "46th World Open"]
[Site "Philadelphia"]
[Date "2018.07.08"]
[Round "8.2"]
[White "Swiercz, Dariusz"]
[Black "Lenderman, Aleksandr"]
[Result "1/2-1/2"]
[WhiteElo "2663"]
[BlackElo "2615"]
[PlyCount "100"]
[EventDate "2018.07.??"]
[EventType "swiss"]
[EventRounds "9"]
[EventCountry "USA"]

1. d4 Nf6 2. c4 e6 3. Nc3 Bb4 4. Nf3 O-O 5. Qc2 c5 6. dxc5 Na6 7. g3 Nxc5 8.
Bg2 b6 9. O-O Bb7 10. Nb5 Be4 11. Qd1 a6 12. Nd6 Bc6 13. Bf4 Nce4 14. Rc1 Bxd6
15. Bxd6 Nxd6 16. Qxd6 Qb8 17. Rfd1 Qb7 18. Ne1 Bxg2 19. Nxg2 Rac8 20. Ne3 Rc6
21. Qd4 Rfc8 22. Rc3 h6 23. b3 b5 24. Rcd3 R8c7 25. Qf4 Rc5 26. Qd6 Qc8 27. f3
bxc4 28. Nxc4 R5c6 29. Qd4 d5 30. Ne5 Rc2 31. R3d2 Ne8 32. Qb4 Rxd2 33. Rxd2
Rb7 34. Qf4 Nd6 35. Nd3 Nf5 36. g4 Ne7 37. Rd1 Qc2 38. Qd2 Rc7 39. Kf2 Qc6 40.
Qb4 Qa8 41. Qb6 Rc6 42. Qe3 Qb8 43. Qe5 Qb5 44. Qf4 Rc2 45. Qb4 Qd7 46. Qb8+
Rc8 47. Qb6 Rc6 48. Qb8+ Rc8 49. Qb6 Rc6 50. Qb8+ Rc8 1/2-1/2

[Event "46th World Open"]
[Site "Philadelphia"]
[Date "2018.07.08"]
[Round "8.4"]
[White "Brown, Michael"]
[Black "Batista, Lazaro"]
[Result "0-1"]
[WhiteElo "2512"]
[BlackElo "2646"]
[PlyCount "128"]
[EventDate "2018.07.??"]
[EventType "swiss"]
[EventRounds "9"]
[EventCountry "USA"]

1. c4 c5 2. Nf3 Nf6 3. Nc3 Nc6 4. e3 e6 5. d4 d5 6. cxd5 exd5 7. Bb5 cxd4 8.
Nxd4 Bd7 9. Nf3 Bb4 10. Bd2 O-O 11. O-O Bd6 12. h3 a6 13. Bd3 Qe7 14. Qe2 Rfe8
15. Rfd1 Rad8 16. Qf1 Bb8 17. Ne2 Ne4 18. Rac1 Qf6 19. Ned4 Nxd4 20. Nxd4 Qd6
21. g3 Qh6 22. h4 Bg4 23. Bxe4 dxe4 24. Bc3 Bxd1 25. Rxd1 Qg6 26. Qe2 h5 27.
Rd2 Be5 28. Kg2 Bf6 29. Kf1 Rc8 30. Qd1 Red8 31. a3 Bxd4 32. Rxd4 Rxd4 33. Qxd4
Qg4 34. Qb4 Qd1+ 35. Kg2 Qf3+ 36. Kg1 Rd8 37. Bd4 Rd7 38. Qc5 Qg4 39. Kg2 Kh7
40. Kg1 f6 41. Qc8 Qe6 42. Kg2 Kg6 43. Kg1 Kf7 44. Qc5 Qd5 45. Qc2 Qc6 46. Qb1
a5 47. Kg2 Kg6 48. Kg1 Rc7 49. Bc3 Qd5 50. Kg2 b6 51. Bd4 Rc6 52. Kg1 b5 53.
Qe1 Qb3 54. Kg2 b4 55. axb4 axb4 56. Qa1 Rc2 57. Qa5 Qe6 58. Qxb4 Qf5 59. Qe1
Qf3+ 60. Kg1 Re2 61. Qf1 Rd2 62. Bc3 Rd1 63. Be1 Rb1 64. b4 Qd1 0-1

[Event "46th World Open"]
[Site "Philadelphia"]
[Date "2018.07.08"]
[Round "8"]
[White "Shimanov, Aleksandr"]
[Black "Shmeliov, Denis"]
[Result "1-0"]
[WhiteElo "2626"]
[BlackElo "2460"]
[PlyCount "111"]
[EventDate "2018.07.??"]
[EventType "swiss"]
[EventRounds "9"]
[EventCountry "USA"]

1. c4 c6 2. Nf3 d5 3. g3 Nf6 4. Bg2 Bf5 5. O-O e6 6. cxd5 exd5 7. d3 Bc5 8. Qc2
Qe7 9. Nh4 Be6 10. e4 Nbd7 11. Nc3 O-O 12. h3 Rfd8 13. Rd1 Bb6 14. Na4 Bd4 15.
Nf3 c5 16. Bf4 Rac8 17. Rac1 Nh5 18. Bg5 Bf6 19. Bd2 b5 20. Nc3 Bxc3 21. bxc3
dxe4 22. dxe4 Bc4 23. Bg5 Nhf6 24. Nd2 h6 25. Bf4 Be6 26. Nb3 Nb6 27. Be3 Na4
28. Rxd8+ Rxd8 29. Nd2 Nb6 30. Nb3 Na4 31. Nd2 Nb6 32. f4 Nc4 33. Nxc4 Bxc4 34.
e5 Bd3 35. Qf2 Ne4 36. Qe1 f5 37. Rd1 Qe6 38. g4 Rd7 39. gxf5 Qxf5 40. Bc1 Bc2
41. Rxd7 Qxd7 42. Bxe4 Bxe4 43. Qxe4 Qd1+ 44. Kg2 Qxc1 45. Qd5+ Kh7 46. Qd3+
Kg8 47. e6 Qxf4 48. Qd8+ Kh7 49. e7 Qe4+ 50. Kf2 Qf4+ 51. Ke2 Qe4+ 52. Kd2 Qf4+
53. Kc2 Qf2+ 54. Qd2 Qf7 55. Qd3+ g6 56. Qd7 1-0